[Event "European Individual Championship - Reyk"]
[Site "Reykjavik, Iceland"]
[Date "2021.08.26"]
[Round "1.20"]
[White "Vedder, Richard"]
[Black "Hovhannisyan, Robert"]
[Result "0-1"]
[WhiteElo "2266"]
[BlackElo "2626"]
[PlyCount "48"]
[EventDate "2021.??.??"]

1. d4 {[%emt 0:00:04]} Nf6 {[%emt 0:00:10]} 2. c4 {[%emt 0:00:05]} e6 {[%emt 0:
00:15]} 3. Nc3 {[%emt 0:00:07]} Bb4 {[%emt 0:00:31]} 4. f3 {[%emt 0:00:18]} c5
{[%emt 0:01:37]} 5. a3 {[%emt 0:00:07]} Bxc3+ {[%emt 0:00:39]} 6. bxc3 {
[%emt 0:00:04]} d6 {[%emt 0:01:18]} 7. e4 {[%emt 0:05:56]} Nc6 {[%emt 0:00:09]}
8. Ne2 {[%emt 0:02:19]} O-O {[%emt 0:06:43]} 9. Bg5 {[%emt 0:03:13]} cxd4 {
[%emt 0:04:33]} 10. cxd4 {[%emt 0:00:29]} Qa5+ {[%emt 0:00:24]} 11. Qd2 {
[%emt 0:03:41]} Qxd2+ {[%emt 0:00:56]} 12. Bxd2 {[%emt 0:04:26]} b6 {[%emt 0:
03:44]} 13. Kf2 {[%emt 0:07:05]} Ba6 {[%emt 0:02:17]} 14. Rc1 {[%emt 0:00:06]}
Rac8 {[%emt 0:03:38]} 15. Ke3 {[%emt 0:01:07]} Nd7 {[%emt 0:04:13]} 16. f4 {
[%emt 0:12:01]} Nf6 {[%emt 0:17:46]} 17. h3 {[%emt 0:15:09]} d5 {[%emt 0:01:14]
} 18. Ng3 {[%emt 0:05:40]} dxe4 {[%emt 0:02:42]} 19. Nxe4 {[%emt 0:00:13]} Nxe4
{[%emt 0:03:07]} 20. Kxe4 {[%emt 0:00:03]} Rfd8 {[%emt 0:02:37]} 21. Bc3 {
[%emt 0:04:38]} Ne7 {[%emt 0:01:33]} 22. Be1 {[%emt 0:00:22]} Nf5 {[%emt 0:00:
55]} 23. g4 {[%emt 0:04:38]} Rxd4+ {[%emt 0:00:50]} 24. Kf3 {[%emt 0:00:04]}
Bb7+ {[%emt 0:00:14]} 0-1

[Event "European Individual Championship - Reyk"]
[Site "Reykjavik, Iceland"]
[Date "2021.08.26"]
[Round "1.21"]
[White "Durarbayli, Vasif"]
[Black "Thorsteinsson, Thorsteinn"]
[Result "1-0"]
[WhiteElo "2625"]
[BlackElo "2260"]
[PlyCount "75"]
[EventDate "2021.??.??"]

1. e4 {[%emt 0:00:03]} c5 {[%emt 0:00:36]} 2. Nf3 {[%emt 0:02:39]} g6 {[%emt 0:
01:01]} 3. d4 {[%emt 0:00:10]} cxd4 {[%emt 0:00:13]} 4. Nxd4 {[%emt 0:00:04]}
Bg7 {[%emt 0:00:49]} 5. c4 {[%emt 0:00:10]} Nc6 {[%emt 0:00:26]} 6. Be3 {
[%emt 0:00:07]} Nf6 {[%emt 0:00:35]} 7. Nc3 {[%emt 0:00:06]} O-O {[%emt 0:00:
39]} 8. Be2 {[%emt 0:00:20]} d6 {[%emt 0:02:05]} 9. O-O {[%emt 0:00:15]} Bd7 {
[%emt 0:03:37]} 10. Nc2 {[%emt 0:00:14]} Ne5 {[%emt 0:06:20]} 11. a4 {[%emt 0:
15:05]} Rc8 {[%emt 0:09:19]} 12. b3 {[%emt 0:03:30]} a5 {[%emt 0:09:59]} 13.
Qd2 {[%emt 0:13:33]} Bc6 {[%emt 0:06:14]} 14. f3 {[%emt 0:00:22]} Ned7 {
[%emt 0:04:07]} 15. Rab1 {[%emt 0:00:11]} b6 {[%emt 0:01:01]} 16. Rfd1 {
[%emt 0:06:02]} Nc5 {[%emt 0:08:19]} 17. Nd4 {[%emt 0:00:56]} Bd7 {[%emt 0:17:
22]} 18. Bf1 {[%emt 0:00:58]} Re8 {[%emt 0:06:11]} 19. Qf2 {[%emt 0:01:55]} Qc7
{[%emt 0:01:50]} 20. g3 {[%emt 0:01:31]} Qb8 {[%emt 0:02:05]} 21. Bg2 {[%emt 0:
00:24]} Rcd8 {[%emt 0:00:31]} 22. h3 {[%emt 0:00:35]} h5 {[%emt 0:03:05]} 23.
g4 {[%emt 0:02:07]} hxg4 {[%emt 0:00:45]} 24. hxg4 {[%emt 0:00:04]} e5 {
[%emt 0:07:36]} 25. Nde2 {[%emt 0:00:21]} Bc6 {[%emt 0:00:21]} 26. Qh4 {
[%emt 0:00:23]} Ne6 {[%emt 0:01:02]} 27. Kf2 {[%emt 0:00:26]} Nh7 {[%emt 0:03:
40]} 28. Rh1 {[%emt 0:02:10]} Nef8 {[%emt 0:00:12]} 29. Rbd1 {[%emt 0:02:14]}
Qc7 {[%emt 0:00:45]} 30. Nd5 {[%emt 0:00:15]} Bxd5 {[%emt 0:00:13]} 31. Rxd5 {
[%emt 0:00:05]} Bf6 {[%emt 0:02:16]} 32. g5 {[%emt 0:01:11]} Be7 {[%emt 0:00:
04]} 33. Bh3 {[%emt 0:00:44]} Rb8 {[%emt 0:00:37]} 34. Nc3 {[%emt 0:00:51]} Qd8
{[%emt 0:00:28]} 35. f4 {[%emt 0:00:54]} f6 {[%emt 0:00:38]} 36. Be6+ {[%emt 0:
00:55]} Kg7 {[%emt 0:00:24]} 37. Qh6+ {[%emt 0:00:49]} Kh8 {[%emt 0:00:06]} 38.
f5 {[%emt 0:00:15]} 1-0

[Event "European Individual Championship - Reyk"]
[Site "Reykjavik, Iceland"]
[Date "2021.08.26"]
[Round "1.22"]
[White "Koellner, Aaron Noah"]
[Black "Ter-Sahakyan, Samvel"]
[Result "0-1"]
[WhiteElo "2248"]
[BlackElo "2624"]
[PlyCount "66"]
[EventDate "2021.??.??"]

1. d4 {[%emt 0:00:03]} Nf6 {[%emt 0:01:07]} 2. Nf3 {[%emt 0:01:37]} d5 {
[%emt 0:00:28]} 3. Nbd2 {[%emt 0:00:18]} Bf5 {[%emt 0:02:57]} 4. e3 {[%emt 0:
02:27]} e6 {[%emt 0:00:36]} 5. Be2 {[%emt 0:03:56]} h6 {[%emt 0:02:00]} 6. c4 {
[%emt 0:02:25]} c6 {[%emt 0:00:37]} 7. Ne5 {[%emt 0:02:35]} Bd6 {[%emt 0:05:33]
} 8. O-O {[%emt 0:03:27]} O-O {[%emt 0:00:29]} 9. f4 {[%emt 0:01:05]} c5 {
[%emt 0:02:58]} 10. cxd5 {[%emt 0:09:54]} exd5 {[%emt 0:02:43]} 11. Ndf3 {
[%emt 0:07:46]} Nc6 {[%emt 0:02:32]} 12. Bd2 {[%emt 0:09:38]} Rc8 {[%emt 0:01:
50]} 13. Bc3 {[%emt 0:06:48]} Ne4 {[%emt 0:05:41]} 14. Qb3 {[%emt 0:02:51]}
cxd4 {[%emt 0:21:07]} 15. Bxd4 {[%emt 0:06:38]} Nxd4 {[%emt 0:13:22]} 16. exd4
{[%emt 0:00:22]} Qa5 {[%emt 0:03:45]} 17. Rfc1 {[%emt 0:04:00]} Be6 {[%emt 0:
10:35]} 18. Qb5 {[%emt 0:04:51]} Qxb5 {[%emt 0:03:59]} 19. Bxb5 {[%emt 0:00:08]
} f6 {[%emt 0:00:19]} 20. Nd3 {[%emt 0:04:51]} g5 {[%emt 0:00:17]} 21. Ba4 {
[%emt 0:03:59]} g4 {[%emt 0:03:50]} 22. Nh4 {[%emt 0:00:17]} Rc4 {[%emt 0:00:
25]} 23. Rxc4 {[%emt 0:04:22]} dxc4 {[%emt 0:00:04]} 24. f5 {[%emt 0:00:17]}
Bd5 {[%emt 0:01:49]} 25. Nf2 {[%emt 0:01:00]} Bxh2+ {[%emt 0:01:49]} 26. Kxh2 {
[%emt 0:00:18]} g3+ {[%emt 0:00:05]} 27. Kh3 {[%emt 0:05:40]} gxf2 {[%emt 0:00:
07]} 28. Rf1 {[%emt 0:00:07]} c3 {[%emt 0:01:49]} 29. bxc3 {[%emt 0:01:10]} Rc8
{[%emt 0:00:04]} 30. Kg4 {[%emt 0:06:17]} Rxc3 {[%emt 0:00:19]} 31. Kf4 {
[%emt 0:00:17]} Bc4 {[%emt 0:01:16]} 32. Bb3 {[%emt 0:00:19]} Rxb3 {[%emt 0:00:
12]} 33. axb3 {[%emt 0:00:41]} Bxf1 {[%emt 0:00:09]} 0-1

[Event "European Individual Championship - Reyk"]
[Site "Reykjavik, Iceland"]
[Date "2021.08.26"]
[Round "1.23"]
[White "Fridman, Daniel"]
[Black "Humburg, Philipp"]
[Result "1-0"]
[WhiteElo "2621"]
[BlackElo "2245"]
[PlyCount "77"]
[EventDate "2021.??.??"]

1. d4 {[%emt 0:00:03]} d5 {[%emt 0:00:10]} 2. c4 {[%emt 0:00:09]} c6 {[%emt 0:
00:08]} 3. Nf3 {[%emt 0:00:05]} Nf6 {[%emt 0:00:08]} 4. g3 {[%emt 0:00:05]} e6
{[%emt 0:01:37]} 5. Bg2 {[%emt 0:00:07]} Nbd7 {[%emt 0:00:29]} 6. O-O {[%emt 0:
00:09]} dxc4 {[%emt 0:00:22]} 7. a4 {[%emt 0:00:06]} e5 {[%emt 0:18:16]} 8.
dxe5 {[%emt 0:11:09]} Ng4 {[%emt 0:03:11]} 9. Bf4 {[%emt 0:07:09]} Qa5 {
[%emt 0:03:37]} 10. Qd4 {[%emt 0:05:08]} Nc5 {[%emt 0:14:11]} 11. Qxc4 {
[%emt 0:06:17]} Be6 {[%emt 0:00:25]} 12. Qc3 {[%emt 0:00:51]} Qxc3 {[%emt 0:01:
51]} 13. Nxc3 {[%emt 0:00:07]} Rd8 {[%emt 0:03:45]} 14. h3 {[%emt 0:07:37]} Nh6
{[%emt 0:01:36]} 15. g4 {[%emt 0:00:08]} Be7 {[%emt 0:03:22]} 16. Rad1 {
[%emt 0:00:26]} O-O {[%emt 0:02:17]} 17. g5 {[%emt 0:01:11]} Rd6 {[%emt 0:02:
02]} 18. Rd2 Rxd2 19. Re1 {[%emt 0:00:10]} Rd1 20. Rxd1 Bb3 {[%emt 0:00:20]}
21. Rd2 {[%emt 0:13:25]} Ne6 {[%emt 0:02:23]} 22. gxh6 {[%emt 0:00:08]} Nxf4 {
[%emt 0:00:16]} 23. Rd7 {[%emt 0:00:02]} Bc5 {[%emt 0:04:33]} 24. hxg7 {
[%emt 0:04:57]} Kxg7 {[%emt 0:06:04]} 25. Rxb7 {[%emt 0:14:01]} Bc4 {[%emt 0:
03:44]} 26. e3 {[%emt 0:04:39]} Ba6 {[%emt 0:06:46]} 27. Rc7 {[%emt 0:02:27]}
Ne6 {[%emt 0:00:51]} 28. Rd7 {[%emt 0:00:43]} Rb8 {[%emt 0:00:36]} 29. Ne4 {
[%emt 0:02:14]} Rb5 {[%emt 0:01:40]} 30. b3 Rxb3 31. Nxc5 {[%emt 0:00:24]} Rb2
32. Rxa7 Nxc5 33. Nd4 {[%emt 0:07:35]} Kg6 34. Kh2 {[%emt 0:00:38]} h5 {
[%emt 0:00:50]} 35. Kg3 Bc4 {[%emt 0:04:05]} 36. h4 Rb4 {[%emt 0:01:04]} 37.
Rc7 Rb6 38. Nxc6 {[%emt 0:00:40]} Kg7 {[%emt 0:02:02]} 39. Ne7 {[%emt 0:00:13]}
1-0

[Event "European Individual Championship - Reyk"]
[Site "Reykjavik, Iceland"]
[Date "2021.08.26"]
[Round "1.24"]
[White "Milikow, Elie"]
[Black "Gajewski, Grzegorz"]
[Result "1/2-1/2"]
[WhiteElo "2242"]
[BlackElo "2617"]
[PlyCount "95"]
[EventDate "2021.??.??"]

1. e4 {[%emt 0:00:03]} c5 {[%emt 0:00:07]} 2. Nf3 {[%emt 0:00:05]} d6 {[%emt 0:
00:05]} 3. d4 {[%emt 0:00:08]} cxd4 {[%emt 0:00:04]} 4. Nxd4 {[%emt 0:00:09]}
Nf6 {[%emt 0:00:04]} 5. Nc3 {[%emt 0:00:10]} a6 {[%emt 0:00:06]} 6. f3 {
[%emt 0:00:12]} e5 {[%emt 0:03:41]} 7. Nb3 {[%emt 0:00:14]} Be6 {[%emt 0:00:06]
} 8. Be3 {[%emt 0:00:08]} h5 {[%emt 0:00:09]} 9. Qd2 {[%emt 0:00:44]} Nbd7 {
[%emt 0:00:17]} 10. O-O-O {[%emt 0:00:48]} Qc7 {[%emt 0:06:17]} 11. Be2 {
[%emt 0:06:27]} Be7 {[%emt 0:03:48]} 12. Kb1 {[%emt 0:15:40]} O-O {[%emt 0:08:
56]} 13. g4 {[%emt 0:07:49]} b5 {[%emt 0:19:56]} 14. a3 {[%emt 0:02:34]} Nb6 {
[%emt 0:03:24]} 15. g5 {[%emt 0:01:27]} Nfd7 {[%emt 0:00:08]} 16. f4 {[%emt 0:
05:42]} exf4 {[%emt 0:05:35]} 17. Bxb6 {[%emt 0:07:35]} Nxb6 {[%emt 0:03:17]}
18. Qxf4 {[%emt 0:01:28]} Rac8 {[%emt 0:00:22]} 19. Nd4 {[%emt 0:07:35]} g6 {
[%emt 0:07:54]} 20. Rhg1 {[%emt 0:13:26]} Qd7 {[%emt 0:08:48]} 21. Bxh5 {
[%emt 0:12:14]} Rxc3 {[%emt 0:15:24]} 22. bxc3 {[%emt 0:01:24]} Nc4 {[%emt 0:
00:10]} 23. Be2 {[%emt 0:03:16]} Nxa3+ {[%emt 0:00:32]} 24. Kb2 {[%emt 0:01:33]
} Nc4+ {[%emt 0:04:48]} 25. Bxc4 {[%emt 0:00:25]} Bxc4 {[%emt 0:00:02]} 26. h4
{[%emt 0:01:30]} b4 {[%emt 0:01:30]} 27. cxb4 {[%emt 0:02:01]} Qa4 {[%emt 0:01:
13]} 28. Nb3 {[%emt 0:01:29]} Rb8 {[%emt 0:01:52]} 29. h5 {[%emt 0:01:51]} Qxb4
{[%emt 0:00:52]} 30. Qd2 {[%emt 0:01:03]} Qb5 {[%emt 0:04:39]} 31. Qc3 {
[%emt 0:00:57]} gxh5 {[%emt 0:00:27]} 32. g6 {[%emt 0:02:23]} Bxb3 {[%emt 0:01:
07]} 33. gxf7+ {[%emt 0:01:43]} Kxf7 {[%emt 0:00:02]} 34. Rgf1+ {[%emt 0:01:23]
} Ke8 {[%emt 0:00:49]} 35. cxb3 {[%emt 0:00:36]} Qe2+ {[%emt 0:00:03]} 36. Ka1
{[%emt 0:00:27]} Kd7 {[%emt 0:00:36]} 37. Rfe1 {[%emt 0:01:29]} Qb5 {[%emt 0:
00:33]} 38. e5 {[%emt 0:00:44]} Rf8 {[%emt 0:01:09]} 39. e6+ {[%emt 0:00:29]}
Kd8 40. Rc1 {[%emt 0:00:18]} Qb7 {[%emt 0:00:35]} 41. Qa5+ {[%emt 0:00:15]} Ke8
{[%emt 0:00:01]} 42. Qxh5+ {[%emt 0:00:33]} Kd8 43. Qa5+ {[%emt 0:00:03]} Ke8 {
[%emt 0:00:06]} 44. Rc2 {[%emt 0:01:03]} Rf3 {[%emt 0:00:52]} 45. Qh5+ {
[%emt 0:00:33]} Kd8 {[%emt 0:00:02]} 46. Qa5+ {[%emt 0:00:09]} Ke8 47. Qh5+ {
[%emt 0:01:14]} Kd8 {[%emt 0:00:01]} 48. Qa5+ {[%emt 0:00:32]} 1/2-1/2

[Event "European Individual Championship - Reyk"]
[Site "Reykjavik, Iceland"]
[Date "2021.08.26"]
[Round "1.25"]
[White "Svane, Rasmus"]
[Black "Papidakis, Georgios"]
[Result "1-0"]
[WhiteElo "2615"]
[BlackElo "2228"]
[PlyCount "61"]
[EventDate "2021.??.??"]

1. Nf3 {[%emt 0:00:03]} Nf6 {[%emt 0:00:19]} 2. g3 {[%emt 0:00:09]} d5 {
[%emt 0:00:15]} 3. Bg2 {[%emt 0:00:08]} c6 {[%emt 0:00:13]} 4. O-O {[%emt 0:00:
12]} Bg4 {[%emt 0:01:19]} 5. h3 {[%emt 0:00:12]} Bh5 {[%emt 0:00:31]} 6. d4 {
[%emt 0:03:40]} e6 {[%emt 0:02:16]} 7. c4 {[%emt 0:00:09]} Be7 {[%emt 0:01:08]}
8. Ne5 {[%emt 0:01:53]} Bg6 {[%emt 0:02:06]} 9. Nd2 {[%emt 0:03:06]} O-O {
[%emt 0:05:15]} 10. b3 {[%emt 0:05:01]} a5 {[%emt 0:02:38]} 11. Nxg6 {[%emt 0:
02:05]} hxg6 {[%emt 0:00:08]} 12. a3 {[%emt 0:01:16]} Nbd7 {[%emt 0:03:33]} 13.
Bb2 {[%emt 0:01:04]} b5 {[%emt 0:15:07]} 14. c5 {[%emt 0:01:40]} b4 {[%emt 0:
00:13]} 15. Qc2 {[%emt 0:04:00]} Qc7 {[%emt 0:03:04]} 16. axb4 {[%emt 0:02:15]}
axb4 {[%emt 0:00:09]} 17. Ra4 {[%emt 0:00:17]} Rxa4 {[%emt 0:05:03]} 18. bxa4 {
[%emt 0:00:04]} e5 {[%emt 0:01:45]} 19. e3 {[%emt 0:00:31]} Ra8 {[%emt 0:09:29]
} 20. Ra1 {[%emt 0:01:46]} Nb8 {[%emt 0:04:59]} 21. dxe5 {[%emt 0:08:41]} Nfd7
{[%emt 0:00:09]} 22. e4 {[%emt 0:09:42]} Bxc5 {[%emt 0:08:19]} 23. exd5 {
[%emt 0:08:12]} cxd5 {[%emt 0:00:22]} 24. Nb3 {[%emt 0:01:33]} Na6 {[%emt 0:26:
33]} 25. Bxd5 {[%emt 0:01:00]} Re8 {[%emt 0:03:41]} 26. Rc1 {[%emt 0:05:53]}
Qa7 {[%emt 0:02:14]} 27. e6 {[%emt 0:02:27]} fxe6 {[%emt 0:01:26]} 28. Qxg6 {
[%emt 0:00:07]} Nf8 {[%emt 0:01:29]} 29. Qxe8 {[%emt 0:00:10]} Bxf2+ {[%emt 0:
00:05]} 30. Kg2 {[%emt 0:00:15]} exd5 {[%emt 0:00:07]} 31. Rc8 {[%emt 0:00:18]}
1-0

[Event "European Individual Championship - Reyk"]
[Site "Reykjavik, Iceland"]
[Date "2021.08.26"]
[Round "1.27"]
[White "Bartel, Mateusz"]
[Black "Thorhallsson, Simon"]
[Result "1-0"]
[WhiteElo "2611"]
[BlackElo "2199"]
[PlyCount "51"]
[EventDate "2021.??.??"]

1. e4 {[%emt 0:00:03]} e6 {[%emt 0:00:35]} 2. Qe2 {[%emt 0:00:14]} c5 {[%emt 0:
00:11]} 3. Nf3 {[%emt 0:00:22]} Nc6 {[%emt 0:00:21]} 4. g3 {[%emt 0:00:58]} g6
{[%emt 0:00:15]} 5. Bg2 {[%emt 0:00:21]} Bg7 {[%emt 0:00:08]} 6. c3 {[%emt 0:
01:01]} Nge7 {[%emt 0:01:48]} 7. h4 {[%emt 0:00:16]} h6 {[%emt 0:03:43]} 8. d4
{[%emt 0:05:14]} cxd4 {[%emt 0:03:45]} 9. cxd4 {[%emt 0:00:05]} Nxd4 {[%emt 0:
04:29]} 10. Nxd4 {[%emt 0:00:04]} Bxd4 {[%emt 0:00:08]} 11. Nc3 {[%emt 0:01:14]
} Bg7 {[%emt 0:05:26]} 12. O-O {[%emt 0:00:54]} d6 {[%emt 0:19:19]} 13. Rd1 {
[%emt 0:02:14]} a6 {[%emt 0:05:11]} 14. Be3 {[%emt 0:02:05]} O-O {[%emt 0:12:
15]} 15. Rd3 {[%emt 0:20:09]} Qc7 {[%emt 0:07:21]} 16. Qd2 {[%emt 0:04:49]} Kh7
{[%emt 0:01:18]} 17. Rxd6 {[%emt 0:03:09]} Nc6 {[%emt 0:00:42]} 18. Na4 {
[%emt 0:04:51]} Ne5 {[%emt 0:03:34]} 19. Nb6 {[%emt 0:04:42]} Rb8 {[%emt 0:00:
30]} 20. Rc1 {[%emt 0:03:00]} Qe7 {[%emt 0:01:15]} 21. Bc5 {[%emt 0:00:40]} Re8
{[%emt 0:01:17]} 22. f4 {[%emt 0:02:02]} Ng4 {[%emt 0:00:23]} 23. Rd7 {[%emt 0:
06:28]} Qf6 {[%emt 0:00:14]} 24. e5 {[%emt 0:00:06]} Qf5 {[%emt 0:01:53]} 25.
Re7 {[%emt 0:01:15]} Rxe7 {[%emt 0:01:16]} 26. Bxe7 {[%emt 0:00:09]} 1-0

[Event "European Individual Championship - Reyk"]
[Site "Reykjavik, Iceland"]
[Date "2021.08.26"]
[Round "1.28"]
[White "Wecker, Martin"]
[Black "Bosiocic, Marin"]
[Result "1-0"]
[WhiteElo "2195"]
[BlackElo "2610"]
[PlyCount "57"]
[EventDate "2021.??.??"]

1. Nf3 {[%emt 0:00:06]} d6 {[%emt 0:00:07]} 2. d4 {[%emt 0:00:08]} Nf6 {
[%emt 0:00:17]} 3. c4 {[%emt 0:00:20]} g6 {[%emt 0:00:08]} 4. g3 {[%emt 0:00:
12]} Bg7 {[%emt 0:00:32]} 5. Bg2 {[%emt 0:00:09]} c6 {[%emt 0:00:08]} 6. Nc3 {
[%emt 0:00:54]} Bf5 {[%emt 0:00:16]} 7. O-O {[%emt 0:00:24]} O-O {[%emt 0:00:
07]} 8. Re1 {[%emt 0:00:32]} Ne4 {[%emt 0:00:18]} 9. Qb3 {[%emt 0:00:38]} Nxc3
{[%emt 0:00:12]} 10. bxc3 {[%emt 0:00:04]} Bc8 {[%emt 0:01:49]} 11. e4 {
[%emt 0:01:48]} c5 {[%emt 0:00:35]} 12. e5 {[%emt 0:09:38]} dxe5 {[%emt 0:01:
56]} 13. Nxe5 {[%emt 0:01:03]} Nd7 {[%emt 0:24:57]} 14. Nxd7 {[%emt 0:28:42]}
Qxd7 {[%emt 0:00:16]} 15. dxc5 {[%emt 0:00:11]} Qc7 {[%emt 0:00:33]} 16. Ba3 {
[%emt 0:02:34]} Bf6 {[%emt 0:03:57]} 17. Rab1 {[%emt 0:03:39]} Rb8 {[%emt 0:03:
23]} 18. c6 {[%emt 0:01:35]} Bf5 {[%emt 0:10:10]} 19. cxb7 {[%emt 0:00:41]}
Bxb1 {[%emt 0:00:10]} 20. Rxb1 {[%emt 0:00:03]} Rfd8 {[%emt 0:00:18]} 21. c5 {
[%emt 0:04:37]} Rd3 {[%emt 0:04:15]} 22. c6 {[%emt 0:06:37]} Qe5 {[%emt 0:05:
06]} 23. Qa4 {[%emt 0:03:44]} a5 {[%emt 0:06:30]} 24. Qf4 {[%emt 0:03:01]} g5 {
[%emt 0:00:28]} 25. Qxe5 {[%emt 0:01:12]} Bxe5 {[%emt 0:00:19]} 26. Bxe7 {
[%emt 0:00:08]} h6 {[%emt 0:04:26]} 27. Bf6 {[%emt 0:00:31]} Bc7 {[%emt 0:00:
50]} 28. Bd4 {[%emt 0:00:14]} Rd8 {[%emt 0:01:10]} 29. Bb6 {[%emt 0:02:14]} 1-0

[Event "European Individual Championship - Reyk"]
[Site "Reykjavik, Iceland"]
[Date "2021.08.26"]
[Round "1.29"]
[White "Piorun, Kacper"]
[Black "Gombocz, Ferenc Jr."]
[Result "1-0"]
[WhiteElo "2608"]
[BlackElo "2191"]
[PlyCount "115"]
[EventDate "2021.??.??"]

1. e4 {[%emt 0:00:02]} e5 {[%emt 0:00:08]} 2. Nf3 {[%emt 0:00:04]} Nc6 {
[%emt 0:00:16]} 3. Bc4 {[%emt 0:00:36]} Nf6 {[%emt 0:01:43]} 4. d3 {[%emt 0:00:
10]} Be7 {[%emt 0:01:00]} 5. O-O {[%emt 0:00:11]} O-O {[%emt 0:00:11]} 6. Re1 {
[%emt 0:00:04]} d6 {[%emt 0:09:20]} 7. a4 {[%emt 0:00:06]} Na5 {[%emt 0:00:11]}
8. Ba2 {[%emt 0:00:04]} c5 {[%emt 0:00:10]} 9. c3 {[%emt 0:01:33]} Nc6 {
[%emt 0:00:27]} 10. h3 {[%emt 0:00:17]} h6 {[%emt 0:02:40]} 11. Na3 {[%emt 0:
00:40]} Re8 {[%emt 0:01:19]} 12. Nc2 {[%emt 0:01:35]} Bf8 {[%emt 0:01:24]} 13.
Ne3 {[%emt 0:00:45]} Be6 {[%emt 0:03:27]} 14. Bxe6 {[%emt 0:00:12]} Rxe6 {
[%emt 0:00:11]} 15. Nd5 {[%emt 0:00:13]} Re8 {[%emt 0:02:16]} 16. Qb3 {[%emt 0:
05:21]} Na5 {[%emt 0:13:43]} 17. Qa2 {[%emt 0:02:33]} Nc6 {[%emt 0:00:45]} 18.
Bd2 {[%emt 0:15:15]} Nxd5 {[%emt 0:02:04]} 19. exd5 {[%emt 0:05:32]} Ne7 {
[%emt 0:00:18]} 20. a5 {[%emt 0:00:05]} Qd7 {[%emt 0:02:30]} 21. b4 {[%emt 0:
05:50]} b6 {[%emt 0:03:21]} 22. c4 {[%emt 0:02:51]} f5 {[%emt 0:07:30]} 23.
axb6 {[%emt 0:05:20]} axb6 {[%emt 0:00:23]} 24. Qxa8 Rxa8 {[%emt 0:00:31]} 25.
Rxa8 {[%emt 0:00:04]} Qb7 {[%emt 0:25:57]} 26. Rea1 Nc8 {[%emt 0:00:21]} 27.
bxc5 {[%emt 0:00:22]} bxc5 {[%emt 0:01:22]} 28. R8a5 {[%emt 0:00:15]} Qb3 {
[%emt 0:04:53]} 29. Ne1 {[%emt 0:06:46]} Qb2 {[%emt 0:03:03]} 30. R1a2 {
[%emt 0:03:10]} Qb1 {[%emt 0:03:03]} 31. Ra1 {[%emt 0:04:06]} Qb2 {[%emt 0:00:
09]} 32. R1a2 {[%emt 0:05:51]} Qb1 {[%emt 0:00:05]} 33. Bc3 {[%emt 0:00:02]} e4
{[%emt 0:07:11]} 34. Ra1 {[%emt 0:01:40]} Qb3 {[%emt 0:00:13]} 35. R5a3 {
[%emt 0:00:14]} Qb6 {[%emt 0:01:41]} 36. dxe4 {[%emt 0:00:24]} fxe4 {[%emt 0:
00:07]} 37. Nc2 {[%emt 0:00:05]} g6 {[%emt 0:03:16]} 38. Ne3 {[%emt 0:05:37]}
Bg7 {[%emt 0:00:22]} 39. Bxg7 {[%emt 0:01:56]} Kxg7 {[%emt 0:00:07]} 40. Ra5 {
[%emt 0:00:29]} Qb2 {[%emt 0:01:04]} 41. Rd1 {[%emt 0:00:26]} h5 {[%emt 0:01:
50]} 42. Rb5 {[%emt 0:00:33]} Qe2 {[%emt 0:01:04]} 43. Rb7+ {[%emt 0:02:24]}
Kf6 {[%emt 0:00:49]} 44. Rd7 {[%emt 0:05:17]} Qb2 {[%emt 0:07:53]} 45. Re1 {
[%emt 0:08:48]} Kg5 {[%emt 0:04:37]} 46. Rd8 {[%emt 0:03:06]} Ne7 {[%emt 0:10:
38]} 47. Rxd6 {[%emt 0:01:43]} Qc3 {[%emt 0:01:00]} 48. Rd1 {[%emt 0:02:29]}
Nf5 {[%emt 0:00:46]} 49. h4+ {[%emt 0:09:38]} Kf4 {[%emt 0:01:56]} 50. Nxf5 {
[%emt 0:00:25]} gxf5 {[%emt 0:00:12]} 51. Re6 {[%emt 0:00:39]} Qxc4 {[%emt 0:
05:08]} 52. g3+ {[%emt 0:02:12]} Kf3 {[%emt 0:00:47]} 53. Re1 {[%emt 0:00:19]}
Qxd5 {[%emt 0:07:06]} 54. Re3+ {[%emt 0:00:29]} Kg4 {[%emt 0:00:14]} 55. Kh2 {
[%emt 0:00:13]} Qxe6 {[%emt 0:03:45]} 56. f3+ {[%emt 0:00:05]} exf3 {[%emt 0:
00:16]} 57. Rxe6 {[%emt 0:00:05]} f2 {[%emt 0:00:04]} 58. Kg2 {[%emt 0:00:08]}
1-0

[Event "European Individual Championship - Reyk"]
[Site "Reykjavik, Iceland"]
[Date "2021.08.26"]
[Round "1.30"]
[White "Gueci, Tea"]
[Black "Antipov, Mikhail Al."]
[Result "0-1"]
[WhiteElo "2188"]
[BlackElo "2607"]
[PlyCount "72"]
[EventDate "2021.??.??"]

1. e4 {[%emt 0:00:02]} c5 {[%emt 0:00:06]} 2. Nf3 {[%emt 0:00:03]} d6 {[%emt 0:
00:08]} 3. Bb5+ {[%emt 0:00:04]} Nd7 {[%emt 0:00:08]} 4. c3 {[%emt 0:00:04]}
Ngf6 {[%emt 0:00:07]} 5. Qe2 {[%emt 0:00:05]} a6 {[%emt 0:00:07]} 6. Ba4 {
[%emt 0:00:09]} b5 {[%emt 0:00:17]} 7. Bc2 {[%emt 0:00:05]} Bb7 {[%emt 0:00:15]
} 8. O-O {[%emt 0:01:04]} e6 {[%emt 0:01:07]} 9. d4 {[%emt 0:00:14]} Be7 {
[%emt 0:00:24]} 10. Re1 {[%emt 0:00:30]} O-O {[%emt 0:00:18]} 11. Nbd2 {
[%emt 0:01:01]} Qc7 {[%emt 0:03:16]} 12. Nf1 {[%emt 0:01:48]} Rac8 {[%emt 0:00:
44]} 13. Bd3 {[%emt 0:01:51]} e5 {[%emt 0:00:45]} 14. dxe5 {[%emt 0:09:12]}
dxe5 {[%emt 0:00:19]} 15. Ng3 {[%emt 0:00:23]} c4 {[%emt 0:01:59]} 16. Bc2 {
[%emt 0:04:36]} Nc5 {[%emt 0:00:16]} 17. Bg5 {[%emt 0:16:33]} g6 {[%emt 0:04:
22]} 18. Rad1 {[%emt 0:09:30]} Ne6 {[%emt 0:00:33]} 19. Bh6 {[%emt 0:01:23]}
Rfe8 {[%emt 0:00:51]} 20. h3 {[%emt 0:02:07]} Bc5 {[%emt 0:12:18]} 21. Nh2 {
[%emt 0:04:42]} Nf4 {[%emt 0:04:38]} 22. Qf3 {[%emt 0:02:04]} Rcd8 {[%emt 0:01:
05]} 23. Bg5 {[%emt 0:06:08]} Be7 {[%emt 0:03:43]} 24. Bxf6 {[%emt 0:12:56]}
Bxf6 {[%emt 0:00:10]} 25. Ne2 {[%emt 0:00:17]} Nxe2+ {[%emt 0:14:46]} 26. Qxe2
{[%emt 0:00:52]} Bg5 {[%emt 0:00:24]} 27. Ng4 {[%emt 0:04:06]} Qc5 {[%emt 0:01:
58]} 28. b4 {[%emt 0:08:09]} cxb3 {[%emt 0:07:29]} 29. Bxb3 {[%emt 0:00:17]}
Kg7 {[%emt 0:00:30]} 30. Rd3 {[%emt 0:09:15]} Rxd3 {[%emt 0:01:39]} 31. Qxd3 {
[%emt 0:00:04]} Rd8 {[%emt 0:00:20]} 32. Qg3 {[%emt 0:00:20]} f6 {[%emt 0:02:
10]} 33. Nh2 {[%emt 0:05:15]} Bf4 {[%emt 0:03:43]} 34. Qh4 {[%emt 0:00:52]}
Qxc3 {[%emt 0:00:54]} 35. Nf3 {[%emt 0:00:53]} h5 {[%emt 0:00:36]} 36. Be6 {
[%emt 0:00:51]} Bxe4 {[%emt 0:00:34]} 0-1